| 000 | 00576cam a2200193 a 4500 | ||
|---|---|---|---|
| 001 | 12514661 | ||
| 005 | 20241211054001.0 | ||
| 008 | 001221s2001 enk d 000 0 eng | ||
| 020 | _a0747539057 | ||
| 040 |
_aBD-DhJNU _bENG _cBD-DhJNU _dBD-DhJNU |
||
| 082 | 0 | 0 |
_a423 ENC _223 |
| 245 | 0 | 0 |
_aEncarta thesaurus / _cedited by Susan Jellis |
| 260 |
_aLondon : _bBloomsbury, _c2001. |
||
| 300 |
_axiv, 1201 p. ; _c25 cm. |
||
| 500 | _a"A Bloomsbury reference book"--T.p. verso. | ||
| 650 | 0 |
_aEnglish language _xSynonyms and antonyms. |
|
| 700 | 1 |
_aJellis, Susan _eEditor |
|
| 942 | _cBK | ||
| 999 |
_c997 _d997 |
||